| 000 | 01037cam a22002775a 4500 | ||
|---|---|---|---|
| 001 | 26935 | ||
| 005 | 20230410132739.0 | ||
| 008 | 060907s2002 dr 000 0 spa | ||
| 035 | _a(DLC) 2002114889 | ||
| 035 | _a12977647 | ||
| 050 | 1 | 4 | _aYSL |
| 925 | 0 |
_aacquire _b2 shelf copies _xpolicy default |
|
| 942 |
_2lcc _cbk |
||
| 010 | _a2002114889 | ||
| 020 | _a1891079816 | ||
| 040 |
_aDLC _cDLC |
||
| 042 | _apcc | ||
| 050 | 1 | 4 |
_aQA 691 _bB883m 2002 |
| 100 | 1 | _aBrowne, Robert T. | |
| 245 | 1 | 3 |
_aEl misterio del espacio : _bun estudio del movimiento del hiperespacio a la luz de la evolución de nuevas facultades psíquicas y una investigación hacia la génesis y naturaleza esencial del espacio / _cpor Robert T. Browne. |
| 250 | _a2a ed. revisada | ||
| 260 |
_aSanto Domingo : _bHermetic Press La Sociedad Hermetica para el Servicio, _c2002. |
||
| 300 |
_axvi p., 1 l., 395 p. _bdiagrs. _c21 cm. |
||
| 650 | 0 | _aHyperspace. | |
| 963 | _aMuriel Alfonseca ; phone (347) 521-7772 ; fax (347) 521-7772 ; email ma_venus@yahoo.com | ||
| 999 |
_c86992 _d86992 |
||